000 00502nam a22001697a 4500
005 20260303125731.0
008 260303b |||||||| |||| 00| 0 eng d
020 _a978-9914-709-88-9
100 _aODAGO, EUNICE
245 _aMENTOR CHEMISTRY: LEARNERS BOOK GRADE 10
260 _aNAIROBI
_bMENTOR PUBLISHING CO. LTD
_c2025
300 _aVI,183P.
500 _aINCLUDES BIBLIOGRAPHICAL REFERENCES
650 _aCHEMISTRY
700 _aBERA ANGELA, GATHOGO GEORGE, MIRIAM KURIA
942 _2lcc
_cBK
999 _c216749
_d216749